Estimación de la densidad de chiguiro (Hydrochoerus hydrochaeris) y su relación con la composición de paisajes y presión de caza en dos hatos del municipio de Orocue (Casanare) en la época seca (Registro nro. 6195)

Detalles MARC
000 -CABECERA
Campo de control 00741nam a2200205 a 4500
005 - FECHA Y HORA DE LA ULTIMA TRANSACCION
Campo de control 20160827120722.0
008 - ELEMENTOS DE LONGITUD FIJA—INFORMACION GENERAL
Campo de control 160826b ck |||||rm||| 00| 0 spa d
040 ## - FUENTE DE CATALOGACIÓN
Agencia catalogadora original CO-BoIAVH
Agencia transcriptora CO-BoIAVH
041 ## - IDIOMA
Código de idioma para texto/pista de sonido o título separado Español
044 ## - PAÍS DE PUBLICACIÓN
País de publicación Colombia
090 ## - CLASIFICACIÓN LOCAL
Colección TE
Consecutivo 0169
100 1# - ASIENTO PRINCIPAL--NOMBRE PERSONAL
Nombre personal Quesada Saldarriaga, Julián David
9 (RLIN) 75265
245 10 - MENCION DE TITULO
Título Estimación de la densidad de chiguiro (Hydrochoerus hydrochaeris) y su relación con la composición de paisajes y presión de caza en dos hatos del municipio de Orocue (Casanare) en la época seca
260 ## - PUBLICACION, DISTRIBUCION, ETC. (PIE DE IMPRENTA)
Lugar de publicación, distribución, etc. Bogotá
Nombre del editor, distribuidor, etc. Pontificia Universidad Javeriana
Fecha de publicación, distribución, etc. 2006
300 ## - DESCRIPCION FISICA
Extensión 58 Paginas
650 14 - ASIENTO SECUNDARIO DE MATERIA - TERMINO TEMATICO
Término temático o nombre geográfico como elemento de entrada Análisis de paisaje
9 (RLIN) 75266
650 14 - ASIENTO SECUNDARIO DE MATERIA - TERMINO TEMATICO
Término temático o nombre geográfico como elemento de entrada Presión de caza
9 (RLIN) 75267
650 14 - ASIENTO SECUNDARIO DE MATERIA - TERMINO TEMATICO
Término temático o nombre geográfico como elemento de entrada Muestreo
9 (RLIN) 17334
942 ## - ELEMENTOS ADICIONALES (KOHA)
Tipo de ítem Tesis
Sistema de clasificación Local
Existencias
Withdrawn status Lost status Sistema de Clasificación Damaged status No para préstamo Colección Inventariado Ubicación Permanente Ubicación actual Fecha de adquisición Fuente de Valor Total Checkouts Número topográfico Inventario / Código de Barras Date last seen Ejemplar Price effective from Forma de adquisición Tipo de material Public note
    Local     Tesis Inventariado 2017 Bogotá Bogotá 13/02/2008 Fandiño Orozco, María Claudia   TE-0169 025689 04/12/2012 Ej.1 04/12/2012 Donación Tesis Disponible solo para consulta en sala